Formule 1 - Top 20 pilotes ayant couru le plus de Grand Prix - Statistiques

Statistiques générales
  • Ce quiz a été pris 600 fois
  • Le résultat moyen est 9 sur 20
Statistiques - réponses
Nombres de courses Pilotes % Correct
350 courses Lewis Hamilton
99%
395 courses Fernando Alonso
95%
306 courses Michael Schumacher
83%
299 courses Sebastian Vettel
78%
349 courses Kimi Raikkonen
66%
221 courses Nico Hulkenberg
58%
240 courses Valterri Bottas
57%
275 courses Sergio Perez
53%
257 courses Daniel Ricciardo
52%
206 courses Nico Rosberg
52%
306 courses Jenson Button
48%
269 courses Felipe Massa
43%
215 courses Mark Webber
33%
322 courses Rubens Barrichello
31%
246 courses David Coulthard
19%
229 courses Giancarlo Fisichella
16%
252 courses Jarno Trulli
16%
256 courses Riccardo Patrese
8%
210 courses Gerhard Berger
7%
208 courses Andrea de Cesaris
5%
Aucun quiz correspondant
Distribution des résultats
% des personnes avec chaque résultat
Percentile par nombre de réponses
Votre historique - résultats
Vous n’avez pas pris ce quiz